Can You Name All US Presidents Political Party In Under 1 Minute - Statistics

General Stats
  • This quiz has been taken 57 times
  • The average score is 42 of 46
Answer Stats
President Political Party % Correct
Joe Biden Democrat
100%
Barack Obama Democrat
100%
Bill Clinton Democrat
100%
Jimmy Carter Democrat
100%
Lyndon B. Johnson Democrat
100%
John F. Kennedy Democrat
100%
Harry S. Truman Democrat
100%
Franklin Roosevelt Democrat
100%
Woodrow Wilson Democrat
100%
Grover Cleveland Democrat
100%
Grover Cleveland Democrat
100%
James Buchanan Democrat
100%
Franklin Pierce Democrat
100%
James K. Polk Democrat
100%
Martin Van Buren Democrat
100%
Andrew Jackson Democrat
100%
Donald Trump Republican
100%
George W. Bush Republican
100%
George H. W. Bush Republican
100%
Ronald Reagan Republican
100%
Gerald Ford Republican
100%
Richard M. Nixon Republican
100%
Dwight D. Eisenhower Republican
100%
Herbert Hoover Republican
100%
Calvin Coolidge Republican
100%
Warren G. Harding Republican
100%
William Howard Taft Republican
100%
Theodore Roosevelt Republican
100%
William McKinley Republican
100%
Benjamin Harrison Republican
100%
Chester A. Arthur Republican
100%
James A. Garfield Republican
100%
Rutherford B. Hayes Republican
100%
Ulysses S. Grant Republican
100%
Abraham Lincoln Republican
100%
Millard Fillmore Whig
71%
Zachary Taylor Whig
71%
John Tyler Whig
71%
William Henry Harrison Whig
71%
John Quincy Adams Democratic-Republican
67%
James Monroe Democratic-Republican
67%
James Madison Democratic-Republican
67%
Thomas Jefferson Democratic-Republican
67%
John Adams Federalist
63%
George Washington None
40%
Andrew Johnson National Union
17%
No matching quizzes found
Score Distribution
Percent of People with Each Score
Percentile by Number Answered
Your Score History
You have not taken this quiz